Score 0/25 Timer 05:00
0 Plays Today
% Correct
Frasier
90.9%
Batman
90.9%
Monk
80.4%
Columbo
80.2%
Blossom
78.9%
Becker
78.7%
Dexter
76.9%
Kojak
76%
Maude
74.9%
Matlock
73.3%
Maverick
69.6%
Castle
69.5%
Rhoda
68.7%
% Correct
Angel
64.3%
Ironside
63.3%
Benson
63.2%
Alice
61.7%
Baretta
58.2%
Chuck
57.3%
Julia
55.9%
Lucifer
55.9%
Hazel
54.7%
Mannix
48.2%
Arli$$
46.4%
Cannon
45.6%
Remove Ads.
Support Sporcle.
Get the best of Sporcle when you Go Orange. This ad-free experience offers more features, more stats, and more fun while also helping to support Sporcle. Thank you for becoming a member.

You're not logged in!

Compare scores with friends on all Sporcle quizzes.
OR
Log In

Sporcle TV

Today on Sporcle TV


Watch our educational content, quiz creation guides, and fun videos on Sporcle TV.

Show Comments

Extras

Top Quizzes Today


Score Distribution

Paid Content

Your Account Isn't Verified!

In order to create a playlist on Sporcle, you need to verify the email address you used during registration. Go to your Sporcle Settings to finish the process.

Report this User

Report this user for behavior that violates our Community Guidelines.

Details: